000 00323nam a2200133Ia 4500
005 20251222155134.0
008 251222s9999||||xx |||||||||||||| ||spa||
082 _aINV.32
100 _aCANO DE CANALES, Yolanda.
245 0 _aLos instrumentos en la evaluación
250 _a1ra. ed.
264 _bConcytec
942 _cLIB
999 _c38933
_d38933